000 02172 a2200205 4500
020 _a0750618264
020 _a9780750618267
082 0 4 _a658.15
090 _c2605
_d2605
100 1 _aParkinson, Alan.
245 1 0 _aManagerial finance /
_cAlan Parkinson.
250 _a1st ed.
260 _a[S.l.] :
_bButterworth-Heinemann,
_c1997.
300 _a276 p. ;
_c24 cm.
500 _aPaperback.
520 _aManagerial Finance provides a clear and readable explanation of the most important topics managers should understand about business finance. These include resource management, investment and decision making, as well as the practical use of financial rations and performance indicators. Real examples and case studies are used throughout to illustrate points in a practical context. The book is based upon the Management Charter Initiative's Occupational Standards for Management NVQs and SVQs at Levels 4 & 5 and is also particularly suitable for managers on Certificate and Diploma in Management programmes, including those accredited by the IM and Edexcel (formerly BTEC). Managerial Finance is part of the highly successful series of textbooks for managers which cover the knowledge and understanding required as part of any competency based management programme. The books cover the three main levels of management: supervisory/first-line management (NVQ level 3), middle management (Certificate/NVQ level 4) and senior management (Diploma/NVQ level 5). Alan Parkinson is the Hill Samuel Senior Lecturer in Accounting & Finance at the Open Business School. He was previously responsible as Director of the Open University MBA Programme for launching the highly successful MBA Course. Published in association with the Institute of Management Covers all the essential topics that any aspiring manager should know including resource management, Investment and Finance decision making. Extensive use of real examples and case studies.
856 4 0 _3Amazon.com
_uhttp://www.amazon.com/exec/obidos/ASIN/0750618264/chopaconline-20
856 4 0 _3Amazon customer reviews
_uhttp://www.chopac.org/cgi-bin/tools/azrev.pl?q=0750618264
942 _aNBS
_cBK
_k658.15 PAR
999 _c345098
_d345098